MARC details
| 000 -CABECERA |
| campo de control de longitud fija |
01612cam a2200289 a 4500 |
| 001 - NÚMERO DE CONTROL |
| campo de control |
000011279 |
| 005 - FECHA Y HORA DE LA ÚLTIMA TRANSACCIÓN |
| campo de control |
20200929162416.0 |
| 008 - DATOS DE LONGITUD FIJA--INFORMACIÓN GENERAL |
| campo de control de longitud fija |
050919s2004 sp a b 000 0 spa d |
| 020 ## - NÚMERO INTERNACIONAL ESTÁNDAR DEL LIBRO |
| Número Internacional Estándar del Libro |
8400082257 |
| 040 ## - FUENTE DE LA CATALOGACIÓN |
| Centro catalogador/agencia de origen |
DO-SdBNP |
| Lengua de catalogación |
spa |
| Centro/agencia transcriptor |
BNPHU |
| 082 ## - NÚMERO DE LA CLASIFICACIÓN DECIMAL DEWEY |
| Número de clasificación |
614.42468 |
| Número de documento/Ítem |
C977u |
| 111 2# - ENTRADA PRINCIPAL--NOMBRE DE CONGRESO/REUNIÓN |
| Nombre de congreso/reunión o jurisdicción como elemento de entrada |
Curso de Verano |
| Fecha del congreso/reunión |
(2004 |
| Sede del congreso/Lugar de la reunión |
Universidad Internacional de Andalucía. Sede Iberoamericana de La Rábida) |
| 9 (RLIN) |
26856 |
| 245 10 - MENCIÓN DE TÍTULO |
| Título |
Enfermedad y muerte en América y Andalucía, siglos XVI-XX / |
| Mención de responsabilidad, etc. |
José Jesús Hernández Palomo, coordinador. |
| 260 ## - PUBLICACIÓN, DISTRIBUCIÓN, ETC. |
| Lugar de publicación, distribución, etc. |
Sevilla, España : |
| Nombre del editor, distribuidor, etc. |
Consejo Superior de Investigaciones Científicas; |
| -- |
Escuela de Estudios Hispano-Americanos, |
| Fecha de publicación, distribución, etc. |
2004. |
| 300 ## - DESCRIPCIÓN FÍSICA |
| Extensión |
546 p. : |
| Otras características físicas |
il. ; |
| Dimensiones |
24 cm. |
| 490 1# - MENCIÓN DE SERIE |
| Mención de serie |
Publicaciones del Consejo Superior de Investigaciones Científicas. |
| -- |
Escuela de Estudios Hispano-Americanos |
| Designación de volumen o secuencia |
432 |
| 504 ## - NOTA DE BIBLIOGRAFÍA, ETC. |
| Nota de bibliografía, etc. |
Incluye referencias bibliográficas y notas al pie de las páginas |
| 650 #4 - PUNTO DE ACCESO ADICIONAL DE MATERIA--TÉRMINO DE MATERIA |
| Término de materia o nombre geográfico como elemento de entrada |
Enfermedades |
| Subdivisión geográfica |
América Latina |
| Subdivisión general |
Historia |
| Subdivisión cronológica |
SIGLOS XVI-XX |
| 9 (RLIN) |
26857 |
| 650 #4 - PUNTO DE ACCESO ADICIONAL DE MATERIA--TÉRMINO DE MATERIA |
| Término de materia o nombre geográfico como elemento de entrada |
Enfermedades |
| Subdivisión geográfica |
Andalucía (España{Rpara} |
| Subdivisión general |
Historia |
| Subdivisión cronológica |
SIGLOS XVI-XX |
| 9 (RLIN) |
26858 |
| 650 #4 - PUNTO DE ACCESO ADICIONAL DE MATERIA--TÉRMINO DE MATERIA |
| Término de materia o nombre geográfico como elemento de entrada |
Epidemias |
| Subdivisión geográfica |
América Latina |
| Subdivisión general |
Historia |
| Subdivisión cronológica |
SIGLOS XVI-XX |
| 9 (RLIN) |
26859 |
| 650 #4 - PUNTO DE ACCESO ADICIONAL DE MATERIA--TÉRMINO DE MATERIA |
| Término de materia o nombre geográfico como elemento de entrada |
Epidemias |
| Subdivisión geográfica |
Andalucía (España{Rpara} |
| Subdivisión general |
Historia |
| Subdivisión cronológica |
SIGLOS XVI-XX |
| 9 (RLIN) |
26860 |
| 650 #4 - PUNTO DE ACCESO ADICIONAL DE MATERIA--TÉRMINO DE MATERIA |
| Término de materia o nombre geográfico como elemento de entrada |
Mortalidad |
| Subdivisión geográfica |
España |
| Subdivisión general |
Historia |
| Subdivisión cronológica |
SIGLO XVI-XX |
| 9 (RLIN) |
26861 |
| 650 #4 - PUNTO DE ACCESO ADICIONAL DE MATERIA--TÉRMINO DE MATERIA |
| Término de materia o nombre geográfico como elemento de entrada |
América latina |
| Subdivisión geográfica |
Andalucía |
| Subdivisión general |
Historia |
| Subdivisión cronológica |
SIGLOS XVI-XX |
| 9 (RLIN) |
26862 |
| 700 12 - PUNTO DE ACCESO ADICIONAL--NOMBRE DE PERSONA |
| Nombre de persona |
Hernández Palomo, José Jesús, |
| Término indicativo de función/relación |
coord. |
| 9 (RLIN) |
26863 |
| 830 #0 - PUNTO DE ACCESO ADICIONAL DE SERIE-TÍTULO UNIFORME |
| Título uniforme |
Publicaciones del Consejo Superior de Investigaciones Científicas. |
| Nombre de parte o sección de la obra |
Escuela de Estudios Hispano-Americanos ; |
| Número de parte o sección de la obra |
432. |
| 9 (RLIN) |
26864 |
| 910 ## - DATOS DE OPCIÓN DEL USUARIO (OCLC) |
| Datos de opción del usuario |
Validado. Control de calidad MFF |